Iskandar Malaysia : investment guide.
| Format: | Book |
|---|---|
| Published: |
Johor Bahru:
Iskandar Regional Development Authority (IRDA),
2011.
|
| Subjects: |
| LEADER | 00520cam a2200145 7i4500 | ||
|---|---|---|---|
| 001 | 0000028425 | ||
| 005 | 20121003090000.0 | ||
| 090 | 0 | 0 | |a CD 332.6 |b INV (M) |
| 245 | 0 | 0 | |a Iskandar Malaysia : |b investment guide. |
| 260 | 0 | 0 | |a Johor Bahru: |b Iskandar Regional Development Authority (IRDA), |c 2011. |
| 300 | # | # | |a Electronic computer optical disc (CD-ROM). |
| 650 | 0 | 0 | |a Business -- |x Iskandar Malaysia |
| 650 | 0 | 0 | |a Investment -- |x Iskandar Malaysia |
| 651 | 0 | 0 | |a Malaysia |
| 999 | |a CDR001066H |b CD-ROM |c AV Collection |e Business Information Centre | ||